000 006970000a22001930004500
001 001011
005 20250617114150.0
008 110809t xxu||||| |||| 00| 0 eng d
020 _a9291731714
082 _a616.9792
_bUNA
090 _c1011
_d1011
245 _aAncient remedies, new disease :
_binvolving traditional healers in increasing access to AIDS care and prevention in East Africa /
260 _aGeneva :
_c2002
_b UNAIDS,
300 _a52 p. :
_bill. ;
_c30 cm.
500 _aIncludes bibliographical references
650 _aHIV/AIDS
_xcare and prevention
_zEast Africa
_919953
650 _aTraditional healers
_vAIDS
_xcare and prevention
_zEast Africa
_919954
942 _cBOOK
_2ddc
999 _c1011
_d1011